William Spratling (Record no. 764)

MARC details
000 -CABECERA
campo de control de longitud fija 00898nam a2200229 a 4500
001 - NÚMERO DE CONTROL
campo de control BRCA_869
005 - FECHA Y HORA DE LA ÚLTIMA TRANSACCIÓN
campo de control 20190320203203.0
008 - DATOS DE LONGITUD FIJA--INFORMACIÓN GENERAL
campo de control de longitud fija 880907s1987 mx-a---##b---#000-0#spa-d
020 ## - NÚMERO INTERNACIONAL ESTÁNDAR DEL LIBRO
Número Internacional Estándar del Libro 9686191038
040 ## - FUENTE DE LA CATALOGACIÓN
Centro catalogador/agencia de origen DLC
Centro/agencia transcriptor DLC
Centro/agencia modificador DLC
050 #4 - SIGNATURA TOPOGRÁFICA DE LA BIBLIOTECA DEL CONGRESO
Número de clasificación NK7198.S6
Número de documento/Ítem .W55 1987
245 10 - MENCIÓN DE TÍTULO
Título William Spratling
Resto del título plata.
260 ## - PUBLICACIÓN, DISTRIBUCIÓN, ETC.
Lugar de publicación, distribución, etc. México
Nombre del editor, distribuidor, etc. Fundación Cultural Televisa : Centro Cultural/Arte Contemporáneo
Fecha de publicación, distribución, etc. 1987
300 ## - DESCRIPCIÓN FÍSICA
Extensión 229 p.
Otras características físicas il.
Dimensiones 30 cm.
500 ## - NOTA GENERAL
Nota general Incluye lista de fotografías
500 ## - NOTA GENERAL
Nota general Catálogo de la exposición realizada en el Centro Cultural/Arte Contemporáneo (Taxco, México), febrero-mayo, 1987
504 ## - NOTA DE BIBLIOGRAFÍA, ETC.
Nota de bibliografía, etc. Bibliografía: p. 227
600 14 - PUNTO DE ACCESO ADICIONAL DE MATERIA--NOMBRE DE PERSONA
Nombre de persona Spratling, William
Fechas asociadas al nombre 1900-1967
Subdivisión de forma Exposiciones
9 (RLIN) 2773
650 14 - PUNTO DE ACCESO ADICIONAL DE MATERIA--TÉRMINO DE MATERIA
Término de materia o nombre geográfico como elemento de entrada Trabajos en plata
Subdivisión de forma Exposiciones
Subdivisión general Historia
Subdivisión cronológica Siglo XX
Subdivisión geográfica México
9 (RLIN) 2896
650 14 - PUNTO DE ACCESO ADICIONAL DE MATERIA--TÉRMINO DE MATERIA
Término de materia o nombre geográfico como elemento de entrada Decoración y ornamentación
Subdivisión de forma Exposiciones
Subdivisión general Art decó
Subdivisión geográfica México
9 (RLIN) 2897
942 ## - ELEMENTOS DE PUNTO DE ACCESO ADICIONAL (KOHA)
Fuente del sistema de clasificación o colocación Library of Congress Classification
Tipo de ítem Koha Libros
Holdings
Estado de retiro Estado de pérdida Estado dañado No para préstamo Localización permanente Ubicación/localización actual Fecha de adquisición Total de préstamos Signatura topográfica completa Código de barras Fecha visto por última vez Precio válido a partir de Tipo de ítem Koha
El ejemplar forma parte de la colección y puede ser consultado según las políticas vigentes.       Biblioteca del Museo Franz Mayer (Rogerio Casas-Alatriste) Biblioteca del Museo Franz Mayer (Rogerio Casas-Alatriste) 26/06/2008   NK7198.S6 .W55 1987 01343 22/03/2019 22/03/2019 Libros